000 00582nam a2200157 4500
999 _c16551
_d16551
008 220224b ||||| |||| 00| 0 eng d
022 _a0091-4169
082 _aDPer 364.05 J82 2010 vol. 100 no. 2
100 _aSpurgeon, W. Allen.
_944076
245 _aCriminal liability for life endangering corporate conduct/
_cW. Allen Spurgeon and Terence P. Fagan.
260 _aEvanston:
_bNorthwestern University Press,
_cc2010.
300 _av100 n2, pages 347-380:
_c25 cm.
500 _aThe Journal of Criminal Law and Criminology.
650 _aCriminal law.
_944077
942 _2ddc
_cPER